Chemistry : (Record no. 11515)

000 -LEADER
fixed length control field 01201cam a2200301 a 4500
001 - CONTROL NUMBER
control field 12648466
005 - DATE AND TIME OF LATEST TRANSACTION
control field 20160709122651.0
008 - FIXED-LENGTH DATA ELEMENTS--GENERAL INFORMATION
fixed length control field 020117s2002 nyua 001 0 eng
010 ## - LIBRARY OF CONGRESS CONTROL NUMBER
LC control number 2002016642
020 ## - INTERNATIONAL STANDARD BOOK NUMBER
International Standard Book Number 0072396814 (acidfree paper)
020 ## - INTERNATIONAL STANDARD BOOK NUMBER
International Standard Book Number 0071198946 (ISE : acidfree paper)
040 ## - CATALOGING SOURCE
Original cataloging agency DLC
Transcribing agency DLC
Modifying agency DLC
050 00 - LIBRARY OF CONGRESS CALL NUMBER
Classification number QD33.2
Item number .S55 2002
082 00 - DEWEY DECIMAL CLASSIFICATION NUMBER
Classification number 540
Edition number 21
100 1# - MAIN ENTRY--PERSONAL NAME
Personal name Silberberg, Martin S.
Fuller form of name (Martin Stuart),
Dates associated with a name 1945-
245 10 - TITLE STATEMENT
Title Chemistry :
Remainder of title the molecular nature of matter and change /
Statement of responsibility, etc. Martin S. Silberberg ; consultants, Randy Duran ... [et al.].
250 ## - EDITION STATEMENT
Edition statement 3rd ed.
260 ## - PUBLICATION, DISTRIBUTION, ETC. (IMPRINT)
Place of publication, distribution, etc. New York, N.Y. :
Name of publisher, distributor, etc. McGraw-Hill,
Date of publication, distribution, etc. 2002, c2003.
300 ## - PHYSICAL DESCRIPTION
Extent xxxi, 1084, A-44, G-18, C-3, I-19 p. :
Other physical details col. ill. ;
Dimensions 28 cm.
500 ## - GENERAL NOTE
General note Includes index.
650 #0 - SUBJECT ADDED ENTRY--TOPICAL TERM
Topical term or geographic name as entry element Chemistry.
700 1# - ADDED ENTRY--PERSONAL NAME
Personal name Duran, Randy.
856 42 - ELECTRONIC LOCATION AND ACCESS
Materials specified Publisher description
Uniform Resource Identifier <a href="http://www.loc.gov/catdir/description/mh021/2002016642.html">http://www.loc.gov/catdir/description/mh021/2002016642.html</a>
856 41 - ELECTRONIC LOCATION AND ACCESS
Materials specified Table of contents
Uniform Resource Identifier <a href="http://www.loc.gov/catdir/toc/mh021/2002016642.html">http://www.loc.gov/catdir/toc/mh021/2002016642.html</a>
906 ## - LOCAL DATA ELEMENT F, LDF (RLIN)
a 7
b cbc
c orignew
d 1
e ocip
f 20
g y-gencatlg
942 ## - ADDED ENTRY ELEMENTS (KOHA)
Source of classification or shelving scheme
Koha item type Hard Covered Materials
Holdings
Withdrawn status Lost status Source of classification or shelving scheme Damaged status Not for loan Home library Current library Shelving location Date acquired Source of acquisition Total Checkouts Full call number Barcode Date last seen Price effective from Koha item type
          MACHAKOS UNIVERSITY LIBRARY MACHAKOS UNIVERSITY LIBRARY Open shelf 09/07/2016 Donation(BFA)   QD 33 . 2 .S55 2003 21215 31/05/2019 09/07/2016 Hard Covered Materials
© Machakos University Library, Along The Highway, Machakos Wote Rd, Machakos, Kenya P.O. Box 136 - 90100 Machakos - Kenya

Tel: ( +254 ) 723 805829 OR Fax : 044-20353 OR Email: library@mksu.ac.ke